[Event "St Petersburg Rudenko Memorial (Women)"]
[Site "St Petersburg"]
[Date "2009.08.26"]
[Round "1"]
[White "Severiukhina, Zoja"]
[Black "Dorokhova, Regina"]
[Result "1-0"]
[WhiteElo "2340"]
[BlackElo "1985"]
[PlyCount "57"]
[EventDate "2009.08.24"]
[EventType "swiss"]
[EventRounds "9"]
[EventCountry "RUS"]
[SourceTitle "CBM 132 Extra"]
[Source "ChessBase"]
[SourceDate "2009.11.03"]
[SourceVersion "1"]
[SourceVersionDate "2009.11.03"]
[SourceQuality "1"]

1. e4 c5 2. Nf3 Nc6 3. d4 cxd4 4. Nxd4 Nf6 5. Nc3 g6 6. Nxc6 bxc6 7. e5 Ng8 8. Bc4 Bg7 9. Qf3 f5 10. Qg3 e6 11. 0-0 Ne7 12. Bg5 0-0 13. Rad1 Qe8 14. Rfe1 Nd5 15. Nxd5 cxd5 16. Rxd5 h6 17. Bd2 g5 18. f4 gxf4 19. Bxf4 Kh7 20. Rd3 Rg8 21. Qh4 Bb7 22. Rg3 Qf8 23. Bd3 Qb4 24. Rf1 Qxb2 25. Qh5 Qd4+ 26. Be3 Qxe5 27. Rxf5 exf5 28. Bxf5+ Kh8 29. Qg6 1-0